000 00574cam a22001457a 4500
008 180718b1996 xxu||||| |||| 00| 0 eng d
082 _aA81x54 91/23/PT12 B/D
100 _aCensus of India 1991
245 _aTamil Nadu district census handbook, Dharmapuri: village and townwise primary census abstract
260 _aMadras
_bDirectorate of Census Operations
_c1996
300 _a399+p.
440 _aCensus of India. Series-23, Tamil Nadu. Part XII-B
650 _aCities and towns - Directories - Census - India - Tamil Nadu - Dharmapuri
650 _aDharnmapuri - Census
999 _c488563
_d488563